000 00636nam a2200193 i 4500
001 99064
003 ES-MaACL
005 20250816092952.0
007 t|
008 051115s1830 fr ||||1| fre d
100 1 _aFosset, Adolphe.
_951897
245 1 0 _aEncyclopédie domestique
_b: recueil de procédes et de recettes concernant les arts et métiers, l'économie rurale et domestique... /
_cpar A. F***[Fosset].
250 _aNouvelle édition.
260 _aParis :
_bSalmon,
_c1830.
300 _a4 v. ;
_c21 cm.
650 7 _aEconomía doméstica
_2embne
_9135945
852 _aES-MaACL
_jB-9399-9402
999 _c99064
_d99064